[Event "Chinese League Div-A Final-KO 2023"]
[Site "Xiongan"]
[Date "2023.12.03"]
[Round "2.24"]
[White "Chu, Ruotong"]
[Black "Wang, Yu A."]
[Result "1/2-1/2"]
[WhiteElo "2114"]
[BlackElo "2222"]
[Annotator "NA RC"]
[PlyCount "66"]
[EventDate "2023.12.02"]
[EventCountry "CHN"]
[SourceTitle "playchess.com"]
[Source "ChessBase"]
[SourceQuality "1"]

1. d4 Nf6 2. c4 e6 3. g3 d5 4. Nf3 Be7 5. Bg2 O-O 6. O-O dxc4 7. Qc2 a6 8. a4 Bd7 9. Qxc4 Bc6 10. Bg5 Nbd7 11. Nc3 h6 12. Bf4 Nb6 13. Qd3 Nbd5 14. Nxd5 Bxd5 15. Rfc1 Bd6 16. Bxd6 Qxd6 17. Ne5 Bxg2 18. Kxg2 Rfd8 19. Nf3 c6 20. Qb3 Rd7 21. a5 Rad8 22. Ra4 Qd5 23. Rb4 Qxb3 24. Rxb3 Re7 25. Rc4 Rd5 26. Rcb4 Rxa5 27. Rxb7 Rxb7 28. Rxb7 Rb5 29. Ra7 Rxb2 30. Kf1 Rb1+ 31. Kg2 Rb2 32. Kf1 Rb1+ 33. Kg2 Rb2 1/2-1/2

[Event "Chinese League Div-A Final-KO 2023"]
[Site "Xiongan"]
[Date "2023.12.03"]
[Round "2.25"]
[White "Li, Ruofan"]
[Black "Ren, Xiaoyi"]
[Result "1-0"]
[WhiteElo "2317"]
[BlackElo "2083"]
[Annotator "ChessBase"]
[PlyCount "81"]
[EventDate "2023.12.02"]
[EventCountry "CHN"]
[SourceTitle "playchess.com"]
[Source "ChessBase"]
[SourceQuality "1"]

1. Nf3 d5 2. g3 Nd7 3. d4 c5 4. dxc5 Nxc5 5. Bg2 Bf5 6. O-O e6 7. b4 Nd7 8. c4 Ngf6 9. cxd5 exd5 10. Nc3 Nb6 11. Nd4 Bg6 12. Qb3 Be7 13. a4 O-O 14. a5 Nc4 15. Nxd5 Nxd5 16. Qxc4 Nxb4 17. Bxb7 Rb8 18. a6 Qd7 19. Ba3 Rfc8 20. Bxc8 Rxc8 21. Qb5 Qxd4 22. Rfd1 Qc3 23. Qd7 Bf8 24. Rac1 Nc2 25. Bxf8 Rxf8 26. Qxa7 h6 27. Qe7 Qa5 28. a7 Ra8 29. Rd7 Kh7 30. h4 Rc8 31. e4 Ne3 32. Rdc7 Rxc7 33. Qxc7 Qa4 34. fxe3 Bxe4 35. Qxf7 Qa3 36. Re1 Qa5 37. Rf1 Qd2 38. Qf2 Qa5 39. Qf4 Qd5 40. Ra1 Bh1 41. a8=Q 1-0

[Event "Chinese League Div-A Final-KO 2023"]
[Site "Xiongan"]
[Date "2023.12.03"]
[Round "2.26"]
[White "Zhu, Hengyi"]
[Black "Lu, Shanglei"]
[Result "0-1"]
[WhiteElo "2285"]
[BlackElo "2607"]
[Annotator "ChessBase"]
[PlyCount "84"]
[EventDate "2023.12.02"]
[EventCountry "CHN"]
[SourceTitle "playchess.com"]
[Source "ChessBase"]
[SourceQuality "1"]

1. e4 c5 2. Nf3 e6 3. c3 d5 4. exd5 Qxd5 5. d4 Nf6 6. Na3 Be7 7. Be2 O-O 8. Nb5 Na6 9. O-O Rd8 10. Be3 Bd7 11. c4 Qc6 12. Ne5 Qb6 13. dxc5 Bxc5 14. Nxd7 Rxd7 15. Qb3 Bxe3 16. Qxe3 Qxe3 17. fxe3 Nc5 18. Rad1 a5 19. Rxd7 Nfxd7 20. b3 Ne5 21. Nd4 Kf8 22. a3 Ke7 23. b4 axb4 24. axb4 Ne4 25. Nf3 Nc6 26. Bd3 Nf6 27. Rb1 Ra3 28. Bf1 Rxe3 29. c5 Ne4 30. b5 Nb8 31. Rc1 Rc3 32. Rxc3 Nxc3 33. Nd4 Ne4 34. c6 bxc6 35. bxc6 Kd6 36. Bb5 Kc7 37. Bd3 Nf6 38. Nf3 Nxc6 39. Ng5 Ne5 40. Bxh7 Nxh7 41. Nxh7 f6 42. g4 Kd6 0-1

[Event "Chinese League Div-A Final-KO 2023"]
[Site "Xiongan"]
[Date "2023.12.03"]
[Round "2.27"]
[White "Xu, Minghui"]
[Black "Kong, Xiangrui"]
[Result "0-1"]
[WhiteElo "2389"]
[BlackElo "2381"]
[Annotator "ChessBase"]
[PlyCount "88"]
[EventDate "2023.12.02"]
[EventCountry "CHN"]
[SourceTitle "playchess.com"]
[Source "ChessBase"]
[SourceQuality "1"]

1. Nf3 d5 2. g3 c5 3. Bg2 Nf6 4. O-O e6 5. c4 d4 6. e3 Nc6 7. d3 Bd6 8. exd4 cxd4 9. Bg5 h6 10. Bxf6 Qxf6 11. Nbd2 Qe7 12. a3 a5 13. Ne4 Bc7 14. c5 O-O 15. Nfd2 f5 16. Nd6 Bxd6 17. cxd6 Qxd6 18. Re1 Ra6 19. Rc1 a4 20. b4 axb3 21. Nc4 Qe7 22. Qxb3 Rd8 23. Qb5 Qc7 24. Rb1 Na7 25. Qb3 b5 26. Ne5 Qd6 27. Ra1 Bd7 28. f4 Be8 29. h3 Nc8 30. g4 Ne7 31. Bb7 Ra7 32. Bf3 Ra6 33. Bb7 Ra7 34. Bf3 Nd5 35. gxf5 Nxf4 36. fxe6 Re7 37. h4 Ng6 38. Nxg6 Qg3+ 39. Bg2 Bxg6 40. Qxb5 Bxd3 41. Qb3 Rf8 42. Rac1 Rf4 43. Re2 Rxh4 44. Rc8+ Kh7 0-1

[Event "Chinese League Div-A Final-KO 2023"]
[Site "Xiongan"]
[Date "2023.12.03"]
[Round "2.28"]
[White "Xie, Kaifan"]
[Black "Chen, Yuan"]
[Result "1-0"]
[WhiteElo "2382"]
[BlackElo "2039"]
[Annotator "ChessBase"]
[PlyCount "67"]
[EventDate "2023.12.02"]
[EventCountry "CHN"]
[SourceTitle "playchess.com"]
[Source "ChessBase"]
[SourceQuality "1"]

1. d4 Nf6 2. c4 e6 3. Nf3 d5 4. Nc3 Bb4 5. cxd5 exd5 6. Bg5 h6 7. Bh4 O-O 8. e3 c5 9. dxc5 Nbd7 10. Be2 Bxc3+ 11. bxc3 Nxc5 12. O-O Nce4 13. Qd4 Qa5 14. Rfc1 Bg4 15. Bd3 Rac8 16. Ne5 Be6 17. f3 g5 18. Be1 Nc5 19. Bc2 Qa6 20. h4 Ncd7 21. hxg5 hxg5 22. Bg3 Qb6 23. Qd3 Rfe8 24. Rab1 Qc5 25. Rxb7 Qa3 26. Qd2 Nf8 27. Rb3 Qc5 28. Nd3 Qa5 29. Be5 N8d7 30. Bd4 Kg7 31. Ne5 Nc5 32. e4 Kf8 33. Qxg5 Qd8 34. Qh6+ 1-0

[Event "Chinese League Div-A Final-KO 2023"]
[Site "Xiongan"]
[Date "2023.12.03"]
[Round "2.29"]
[White "Ding, Yixin"]
[Black "Lu, Miaoyi"]
[Result "1/2-1/2"]
[WhiteElo "2402"]
[BlackElo "2281"]
[Annotator "ChessBase"]
[PlyCount "145"]
[EventDate "2023.12.02"]
[EventCountry "CHN"]
[SourceTitle "playchess.com"]
[Source "ChessBase"]
[SourceQuality "1"]

1. e4 c5 2. Nf3 Nc6 3. d4 cxd4 4. Nxd4 Nf6 5. Nc3 e6 6. g3 d5 7. Bg2 Bc5 8. Nb3 Bb4 9. O-O Bxc3 10. exd5 exd5 11. bxc3 O-O 12. Re1 Bf5 13. Bg5 Rc8 14. Nd4 Bg6 15. Qf3 Nxd4 16. cxd4 Rxc2 17. Bxf6 gxf6 18. Qxd5 Qxd5 19. Bxd5 Rd8 20. Bb3 Rd2 21. Re7 R8xd4 22. Rxb7 Rd7 23. Rxd7 Rxd7 24. Re1 Kf8 25. Kg2 Rd2 26. Kf3 Rb2 27. Rc1 a5 28. Rc8+ Kg7 29. Ra8 Bc2 30. Bxc2 Rxc2 31. Rxa5 h5 32. h4 Kg6 33. Ke3 f5 34. a4 Rc3+ 35. Kd2 Rf3 36. Ke2 Ra3 37. Ra8 f4 38. Ra5 fxg3 39. fxg3 f5 40. Ra6+ Kh7 41. Kf2 Kg7 42. a5 Kh7 43. Ra8 Kg7 44. a6 Kh7 45. a7 Kg7 46. Ke2 Ra1 47. Ke3 Ra4 48. Kd3 Ra2 49. Kd4 Ra1 50. Ke5 Ra4 51. Kd5 Ra1 52. Ke6 Ra6+ 53. Kd7 Ra1 54. Kc7 Ra2 55. Kd6 Ra6+ 56. Kd5 Ra1 57. Kd4 Ra2 58. Ke3 Ra4 59. Kf3 Kh7 60. Rf8 Rxa7 61. Rxf5 Kg6 62. Rg5+ Kh6 63. Re5 Ra6 64. Kf4 Kg6 65. Rg5+ Kh6 66. Rd5 Kg6 67. Ke5 Ra3 68. Rd6+ Kg7 69. Kf4 Ra4+ 70. Kf5 Rg4 71. Rd7+ Kg8 72. Rd8+ Kg7 73. Rd7+ 1/2-1/2

[Event "Chinese League Div-A Final-KO 2023"]
[Site "Xiongan"]
[Date "2023.12.03"]
[Round "2.30"]
[White "Zhao, Shengxin"]
[Black "Bai, Xue"]
[Result "1/2-1/2"]
[WhiteElo "2124"]
[BlackElo "2075"]
[Annotator "NA RC"]
[PlyCount "61"]
[EventDate "2023.12.02"]
[EventCountry "CHN"]
[SourceTitle "playchess.com"]
[Source "ChessBase"]
[SourceQuality "1"]

1. d4 d5 2. c4 e6 3. Nc3 Nf6 4. cxd5 Nxd5 5. e4 Nxc3 6. bxc3 c5 7. Nf3 cxd4 8. cxd4 Bb4+ 9. Bd2 Bxd2+ 10. Qxd2 O-O 11. Bc4 b6 12. d5 Ba6 13. Bxa6 Nxa6 14. d6 Nc5 15. e5 Rc8 16. O-O Nd7 17. h3 Rc5 18. Rfe1 f6 19. exf6 Rxf6 20. Rad1 Rd5 21. Qe2 Qf8 22. Rxd5 exd5 23. Qa6 Qxd6 24. Qxa7 h6 25. a4 Kh7 26. a5 bxa5 27. Qxa5 Re6 28. Rxe6 Qxe6 29. Qc3 Qe4 30. Qd4 Qxd4 31. Nxd4 1/2-1/2

[Event "Chinese League Div-A Final-KO 2023"]
[Site "Xiongan"]
[Date "2023.12.04"]
[Round "3.1"]
[White "Liu, Yan"]
[Black "Wen, Yang"]
[Result "1/2-1/2"]
[WhiteElo "2579"]
[BlackElo "2574"]
[Annotator "TA"]
[PlyCount "66"]
[EventDate "2023.12.02"]
[EventCountry "CHN"]
[SourceTitle "playchess.com"]
[Source "ChessBase"]
[SourceQuality "1"]

{[%evp 22,66,2,10,10,10,14,16,18,3,37,35,97,62,55,16,24,21,20,22,34,6,34,32,39,3,0,0,0,-6,0,0,80,80,80,80,80,80,80,80,80,80,100,88,99,73,80]} 1. c4 Nf6 2. Nf3 e6 3. g3 d5 4. Bg2 Be7 5. O-O O-O 6. b3 c5 7. cxd5 Nxd5 8. Bb2 Nc6 9. d4 cxd4 10. Nxd4 Bd7 11. Nc3 Nxc3 12. Bxc3 Rc8 {A14: English Opening: 1...e6 with b3 by White.} 13. Qd3 Nxd4 (13... Qb6 {seems wilder.} 14. Nf5 exf5 15. Qxd7 g6) 14. Bxd4 {[#]} (14. Qxd4 $2 {perishes.} Bf6 15. Qxa7 Bxc3 $19) 14... b6 $146 {The position is equal.} ({Predecessor:} 14... Bc6 15. Be4 Bxe4 16. Qxe4 Qc7 17. Be3 Qc6 18. Qxc6 Rxc6 19. Rac1 a6 20. Rxc6 bxc6 {1-0 Giri,A (2785)-So,W (2815) chess.com Speed 5m+2spm 2017 blitz (1.8)}) 15. Be4 g6 {[%cal Od7b5]} 16. Bb2 Rc5 ({Black should play} 16... Be8 $14) 17. b4 {White is more active.} ({Much worse is} 17. Qd4 e5 18. Qe3 f6 $11) 17... Rc8 18. a4 (18. b5 $5 {[%cal Rf1d1]}) 18... Be8 19. b5 Qxd3 20. Bxd3 Bd7 21. a5 {[#] aiming for axb6.} bxa5 22. Rxa5 Bc5 23. Bf6 (23. Rfa1 $5 {[%cal Ra5a7]}) 23... Bb6 24. Raa1 Rfe8 25. Rfc1 e5 26. Rxc8 {[%mdl 64] [#] Overworked Piece} Rxc8 (26... Bxc8 $11 27. Bc4 Bf5) 27. Bxe5 $16 {White is better.} Bxb5 {[%mdl 64] Decoy} 28. Bxb5 Rc5 {[%csl LRb5,LRe5]} 29. Bb8 Rxb5 30. Bxa7 Bxa7 31. Rxa7 g5 32. Kg2 Kg7 33. Ra4 Rb2 {Weighted Error Value: White=0.13 (very precise) /Black=0.15 (very precise)} 1/2-1/2

[Event "Chinese League Div-A Final-KO 2023"]
[Site "Xiongan"]
[Date "2023.12.04"]
[Round "3.2"]
[White "Bai, Jinshi"]
[Black "Bu, Xiangzhi"]
[Result "1/2-1/2"]
[WhiteElo "2585"]
[BlackElo "2677"]
[Annotator "TA"]
[PlyCount "75"]
[EventDate "2023.12.02"]
[EventCountry "CHN"]
[SourceTitle "playchess.com"]
[Source "ChessBase"]
[SourceQuality "1"]

{[%evp 26,75,24,19,16,0,0,0,0,0,44,54,29,46,36,16,104,98,77,104,116,104,129,122,114,8,15,16,12,11,59,58,54,0,0,0,0,0,0,0,0,7,403,0,20,0,0,0,0,0,0,0]} 1. d4 Nf6 2. c4 e6 3. Nf3 d5 4. Nc3 c5 5. cxd5 Nxd5 6. e4 Nxc3 7. bxc3 cxd4 8. cxd4 Bb4+ 9. Bd2 Bxd2+ 10. Qxd2 O-O 11. Bc4 Nd7 12. O-O b6 13. Rad1 Bb7 14. Rfe1 Rc8 {D41: Queen's Gambit Declined: Semi-Tarrasch with 5 cxd5.} 15. Bb3 Re8 16. h3 h6 17. Re3 Qc7 18. d5 exd5 19. exd5 {[%cal Be4d5,Bd5d6][%mdl 32] aiming for d6.} Qd6 {[#]} 20. Re6 $146 ({Predecessor:} 20. Nd4 Nc5 21. Nf5 Qf6 22. Bc2 Rcd8 23. Rde1 Kf8 24. d6 Rxe3 25. Qxe3 Ne6 26. Qa3 {1-0 Tabatabaei,M (2587)-Padmini,R (2345) Tianjin Binhai Cup 1st 2018 (2)}) 20... Qc5 (20... fxe6 $2 21. dxe6 Qxd2 22. exd7+ $18) (20... Qf8 $1 $11 {keeps the balance.}) 21. Rxe8+ $16 Rxe8 22. Qf4 $1 Nf6 {[%cal Rf6d5]} 23. d6 Re2 24. Nh4 $1 {[%cal Bf3h4,Bh4g6,Bg6e7][%mdl 32] Threatens to win with d7.} Re4 {[#]} 25. Qg3 {White is more active.} (25. Qd2 $1 $16 {Strongly threatening d7.} Bc6 26. Rc1) 25... Bc8 26. Ng6 Bd7 $1 27. Qf3 {Black must now prevent Ne7+. Chess con chili.} Qg5 (27... Bc6 $2 28. d7 Bxd7 29. Rxd7 $18) (27... Qa5 $11 {should be considered.}) 28. Ne7+ $14 Kf8 29. Bc2 (29. Bd5 $14 Re5 30. Bc6) 29... Rc4 $1 $11 30. Bf5 {Bxd7 would be deadly.} Rc1 31. Bxd7 Rxd1+ 32. Qxd1 Nxd7 {[%mdl 4096] Endgame KQN-KQN} 33. Qf3 {White threatens Qa8+ and mate.} g6 $2 {[%mdl 8192] [#]} (33... Qc1+ $11 {and Black has nothing to worry.} 34. Kh2 Nf6) 34. Qc6 $2 (34. Qc3 $1 $18 {[%cal Rc3h8]} Qe5 35. Qc8+ Kg7 36. Qxd7 Qe1+ 37. Kh2 Qe5+ 38. g3) 34... Qc5 {The position is equal.} 35. Qxd7 {White wants to mate with Qd8+.} (35. Qc7 $5 {[%cal Re7g6]} Kg7 36. Nc8 $11 (36. Qxd7 Qc1+ 37. Kh2 Qf4+ 38. g3 Qxf2+ 39. Kh1 Qe1+ 40. Kh2 Qf2+ 41. Kh1 Qe1+ 42. Kh2 Qf2+ $11)) 35... Qc1+ 36. Kh2 {[%cal Oe7d5] Intending Nd5! and mate.} Qf4+ 37. Kg1 {Qc8+ would kill now.} Qc1+ 38. Kh2 {An exciting game.   Weighted Error Value: White=0.40/Black=0.36} 1/2-1/2

[Event "Chinese League Div-A Final-KO 2023"]
[Site "Xiongan"]
[Date "2023.12.04"]
[Round "3.3"]
[White "Zeng, Chongsheng"]
[Black "Ma, Qun"]
[Result "1-0"]
[WhiteElo "2577"]
[BlackElo "2653"]
[Annotator "TA"]
[PlyCount "109"]
[EventDate "2023.12.02"]
[EventCountry "CHN"]
[SourceTitle "playchess.com"]
[Source "ChessBase"]
[SourceQuality "1"]

{[%evp 20,109,0,1,16,6,8,5,8,10,6,5,14,12,12,14,17,0,0,0,5,0,19,9,12,10,11,0,11,0,17,0,8,0,3,0,0,-9,0,0,0,0,0,-33,0,0,0,0,0,-20,11,-58,-33,-34,0,-12,0,0,0,0,0,2,6,0,76,77,328,302,316,287,340,307,604,592,648,635,446,445,580,397,379,339,12838,12839,12841,12836,12835,12836,12834,12835,12835,12835]} 1. d4 {ChessBase II} d5 2. c4 e6 3. Nf3 Nf6 4. g3 Bb4+ 5. Bd2 Be7 6. Bg2 O-O 7. O-O Nbd7 8. Qc2 c6 9. Bf4 b6 10. Rd1 Bb7 11. Ne5 $1 {11.Ne5 is better than 11.Nc3.} Nh5 {E08: Closed Catalan: Main Line: 7 Qc2.} 12. Bd2 Nhf6 {[%cal Bh5f6,Bf6e8,Be8d6,Bd6f5][%mdl 32]} 13. cxd5 cxd5 {The position is equal.} 14. Nc6 Bxc6 15. Qxc6 Rc8 16. Qb5 Ne8 17. Qd3 Nd6 18. Nc3 Nf6 19. b3 Qd7 20. a4 $5 {[%mdl 4] [#] Exploring less charted territory.} a5 $146 ({Predecessor:} 20... Nf5 21. Rdc1 Bb4 22. Ra2 h6 23. e3 Nd6 24. Rac2 Ba3 25. Rd1 Bb4 26. f3 Nb7 27. Rdc1 Ba3 28. Rb1 Bb4 29. Rbc1 Ba3 30. Rb1 Bb4 31. Rbc1 {½-½ Sargissian,G (2676)-Grandelius,N (2547) EU-ch 12th Aix les Bains 2011 (2)}) 21. f3 Nf5 {[%cal Of5d4]} 22. Nb5 Nd6 23. Nc3 Nf5 {[%cal Of5d4]} 24. Nb5 Nd6 25. Na3 Nf5 {[%cal Of5d4]} 26. Nc2 Rc7 27. Ra2 Rfc8 28. Bh3 (28. Bf1 $5) 28... Nd6 {[%cal Of6e4]} 29. Na3 Rc6 30. e3 h5 {[%cal Oh5h4]} 31. Bf1 g5 (31... h4 $5 {[%cal Rh4g3]}) 32. Nb5 g4 33. Nxd6 Rxd6 (33... Qxd6 34. e4 e5 35. dxe5 Qxe5 36. exd5 Bc5+ 37. Kh1 $14) 34. Bg2 Rdc6 35. fxg4 (35. e4 $11) 35... hxg4 36. Rf1 Kg7 37. Be1 {[#]} (37. e4 Nxe4 38. Bxe4 dxe4 39. Qxe4 f5 $17) 37... Ne4 $1 38. Bxe4 dxe4 39. Qxe4 f5 40. Qd3 Bf6 41. d5 Rc1 {[#]} (41... Qxd5 $11 42. Qxd5 exd5) 42. Raf2 $1 $16 Bc3 $2 {[%mdl 8192] This move loses the game for Black.} (42... Qxd5 $16 {keeps fighting.} 43. Qxd5 {[%mdl 64] Remove Defender} exd5) 43. Bxc3+ $18 R8xc3 44. Qd4+ Kg6 45. e4 (45. Qxb6 Qxd5 46. Qb8 Rc8 $15) 45... Rxf1+ $2 (45... Qd6 46. exf5+ {[%mdl 64] Discovered Attack} (46. Qh8 Rxg3+ 47. hxg3 Qxg3+ 48. Rg2 Qe3+ 49. Rgf2 Qg3+ 50. Rg2 Qe3+ 51. Rgf2 Qg3+ $11) 46... exf5) 46. Rxf1 Rxb3 {[%mdl 4096] Endgame KQR-KQR} 47. Qe5 Rf3 {[#]} 48. Rc1 {Rc6 is the strong threat.} (48. Qxe6+ Qxe6 49. Rxf3 Qxe4 $19) (48. dxe6 Rxf1+ 49. Kxf1 Qd3+ 50. Kf2 Qf3+ 51. Kg1 Qxe4 $11) 48... Qf7 49. Rc6 ({Weaker is} 49. Qxe6+ Qxe6 50. dxe6 Re3 $11) (49. dxe6 Qf6 50. exf5+ Qxf5 51. Qxf5+ Rxf5 $16) 49... fxe4 50. Rxe6+ ({Inferior is} 50. Qxe6+ Qxe6 51. Rxe6+ Kf5 $11) 50... Rf6 $2 (50... Kh7 51. Qxe4+ Qf5) 51. Qxe4+ {White is clearly winning.} Kg5 52. Qe3+ Kh5 53. Re5+ (53. Qxb6 $2 {leads to mate.} Rf1+ 54. Kg2 Qf3#) 53... Kg6 54. Qg5+ Kh7 55. Qxg4 {Weighted Error Value: White=0.15 (very precise) /Black=0.34} 1-0

[Event "Chinese League Div-A Final-KO 2023"]
[Site "Xiongan"]
[Date "2023.12.04"]
[Round "3.4"]
[White "Zhao, Xue"]
[Black "Wang, Chuqiao"]
[Result "1-0"]
[WhiteElo "2450"]
[BlackElo "2215"]
[Annotator "RC"]
[PlyCount "71"]
[EventDate "2023.12.02"]
[EventCountry "CHN"]
[SourceTitle "playchess.com"]
[Source "ChessBase"]
[SourceQuality "1"]

1. c4 e6 2. Nf3 d5 3. e3 Nf6 4. b3 b6 5. Bb2 Bb7 6. Nc3 Be7 7. cxd5 exd5 8. d4 O-O 9. g3 Ne4 10. Qc2 Bb4 11. a3 Bxc3+ 12. Bxc3 Nxc3 13. Qxc3 Qd6 14. Bg2 Nd7 15. O-O Rac8 16. b4 c5 17. bxc5 bxc5 18. Rfb1 Ba6 19. Bh3 Rc7 20. dxc5 Rxc5 21. Qb4 Nf6 22. Nd4 Qc7 23. Qe1 Bd3 24. Rc1 Rb8 25. Qd2 Rxc1+ 26. Rxc1 Bc4 27. Bg2 Qb6 28. e4 Re8 29. Nf5 Nxe4 30. Bxe4 Rxe4 31. Qxd5 Re8 32. Qxc4 Qa5 33. Qc8 Qd8 34. Nd6 Qxc8 35. Rxc8 Rxc8 36. Nxc8 1-0

[Event "Chinese League Div-A Final-KO 2023"]
[Site "Xiongan"]
[Date "2023.12.04"]
[Round "3.5"]
[White "Huang, Qian"]
[Black "Zhai, Mo"]
[Result "1/2-1/2"]
[WhiteElo "2410"]
[BlackElo "2339"]
[Annotator "RC"]
[PlyCount "49"]
[EventDate "2023.12.02"]
[EventCountry "CHN"]
[SourceTitle "playchess.com"]
[Source "ChessBase"]
[SourceQuality "1"]

1. c4 Nf6 2. Nc3 e5 3. Nf3 Nc6 4. g3 Nd4 5. Bg2 Nxf3+ 6. Bxf3 Bc5 7. e3 O-O 8. O-O c6 9. d4 exd4 10. exd4 Bb4 11. Qb3 Bxc3 12. bxc3 d6 13. Re1 h6 14. Bf4 d5 15. cxd5 Nxd5 16. Be5 b5 17. c4 bxc4 18. Qxc4 Bd7 19. a4 a5 20. h4 Re8 21. Qc5 Nb4 22. Qc3 Nd5 23. Qc5 Nb4 24. Qc3 Nd5 25. Qc5 1/2-1/2

[Event "Chinese League Div-A Final-KO 2023"]
[Site "Xiongan"]
[Date "2023.12.04"]
[Round "3.6"]
[White "Wang, Hao"]
[Black "Wang, Shixu B"]
[Result "1/2-1/2"]
[WhiteElo "2694"]
[BlackElo "2409"]
[Annotator "TA"]
[PlyCount "87"]
[EventDate "2023.12.02"]
[EventCountry "CHN"]
[SourceTitle "playchess.com"]
[Source "ChessBase"]
[SourceQuality "1"]

{[%evp 15,87,26,35,28,35,27,33,24,22,28,31,18,20,4,10,14,9,6,10,8,4,24,14,17,11,0,0,0,0,0,0,0,0,0,-6,-4,0,-53,-14,-21,-6,0,0,0,0,0,0,0,0,0,0,0,0,0,0,0,0,0,0,0,0,0,0,0,0,0,0,0,0,-13,-13,-17,-9,-13]} 1. e4 c5 2. Nf3 d6 3. d4 cxd4 4. Nxd4 Nf6 5. Nc3 a6 6. Be3 e5 7. Nb3 Be6 8. f3 h5 {is cutting edge theory.} 9. Nd5 {B90: Sicilian Najdorf: Unusual White 6th moves, 6 Be3 Ng4 and 6 Be3 e5.} Bxd5 10. exd5 Nbd7 11. Qd2 {White is slightly better.} g6 12. O-O-O Nb6 13. Kb1 Nfxd5 14. Bg5 Be7 15. Bxe7 Qxe7 16. c4 Nf6 17. Qxd6 Qxd6 18. Rxd6 Nbd7 19. Na5 Ke7 $1 {[#]} 20. Rd2 $146 ({Of course not} 20. Nxb7 Rab8 21. Rxd7+ Nxd7 $17) ({Predecessor:} 20. Rd1 Rab8 21. Bd3 Rhc8 22. Rhe1 Kf8 23. Nb3 Rc7 24. h4 e4 25. Bxe4 Rxc4 26. Bxb7 Rxb7 {½-½ Petrolo,M (2528)-Delizia,C (2518) SUI-ch35 B email 2020}) 20... Ra7 21. b4 Rc8 22. c5 b6 23. cxb6 Nxb6 24. a3 Nfd5 25. Be2 Nc3+ 26. Ka1 (26. Kb2 $11) 26... Nb5 {A dynamic duo of knights.} 27. Re1 {[#] aiming for Bxb5. The position is equal.} Nxa3 {Hoping for ...Nc2+.} 28. Kb2 {Prevents Nc2} Nac4+ 29. Bxc4 Nxc4+ 30. Nxc4 Rxc4 $11 {[%mdl 4096] Endgame KRR-KRR} 31. Kb3 Rac7 {Strongly threatening ...Ke6.} 32. Rxe5+ Kf6 33. Red5 R4c6 34. Rd6+ Ke5 35. R6d5+ Ke6 36. R5d4 Rc3+ 37. Ka4 R7c6 38. Re4+ Kf6 39. h4 Rc1 40. Rf4+ Ke7 41. Re2+ Kf8 42. Rd4 Ra1+ 43. Kb3 Rb6 44. Ra2 {Weighted Error Value: White=0.05 (flawless) /Black=0.03 (flawless)} 1/2-1/2

[Event "Chinese League Div-A Final-KO 2023"]
[Site "Xiongan"]
[Date "2023.12.04"]
[Round "3.7"]
[White "Wang, Yue"]
[Black "Zhou, Weiqi"]
[Result "1/2-1/2"]
[WhiteElo "2659"]
[BlackElo "2593"]
[Annotator "TA"]
[PlyCount "75"]
[EventDate "2023.12.02"]
[EventCountry "CHN"]
[SourceTitle "playchess.com"]
[Source "ChessBase"]
[SourceQuality "1"]

{[%evp 9,75,18,20,27,29,0,15,0,0,8,9,2,0,0,0,-10,35,33,33,22,31,34,37,20,29,14,19,12,14,0,0,-23,18,-18,0,-12,0,-26,0,0,14,0,15,14,21,0,0,0,0,0,718,0,0,0,0,0,0,0,0,0,0,0,0,0,0,0,0,0]} 1. e4 c6 2. d4 d5 3. e5 Bf5 4. Nd2 e6 5. Nb3 c5 6. dxc5 {B12: Caro-Kann: Advance Variation.} Bxc5 7. Bb5+ (7. Nxc5 $5 Qa5+ $8 8. c3 Qxc5 9. Nf3 $11) 7... Nc6 {[%cal Og8e7]} 8. Bxc6+ ({Of course not} 8. Nxc5 Qa5+ 9. Bd2 Qxb5 $17) 8... bxc6 9. Nxc5 {[#] Nb7 would be deadly.} Qa5+ 10. c3 Qxc5 11. Ne2 Ne7 12. O-O {[#] White is weak on the light squares} Qc4 $146 ({Predecessor:} 12... Qb6 13. b4 Qc7 14. Be3 Qxe5 15. Bc5 Qc7 16. Nd4 Bg6 17. a4 Rc8 18. Qe2 O-O {½-½ Dominguez Perez,L (2754)-Duda,J (2750) FTX Road to Miami Prelim 2022 (6)}) 13. b3 Qa6 14. Ng3 c5 15. Bg5 {Black must now prevent Bxe7.} Bd3 16. Re1 Bg6 17. Bxe7 Kxe7 18. h4 h5 19. Qc1 (19. Qd2 {with more complications.} Qb6 20. f4 Rhe8 21. f5) 19... Kf8 20. Qf4 Rd8 21. Re2 (21. Qg5 $5 {[%cal Rg5d8]} Rd7 22. Ne2 $11) 21... Qb6 22. Rd1 Kg8 23. Re3 Rh6 (23... Qa5 $5 {[%cal Ra5a2]}) 24. Ne2 Qa5 25. Rd2 d4 26. Rg3 d3 27. Nc1 Qxc3 28. Rdxd3 Bxd3 29. Qg5 $1 {[%csl Gg3][%cal Rg5g7] [#] Chess con chili.} Qe1+ 30. Kh2 {[%csl Gg3][%cal Rg5g7]} Bg6 $1 {...Rd1 is the strong threat. The position is equal.} 31. Qxd8+ Kh7 32. Nd3 Bxd3 33. Qxd3+ $11 {KQR-KQR} Rg6 34. Rg5 Kh6 35. Qd8 {[%cal Rd8h8]} Rxg5 36. Qxg5+ Kh7 37. Qxh5+ Kg8 38. Qf3 {An interesting game.   Weighted Error Value: White=0.07 (flawless) /Black=0.07 (flawless)} 1/2-1/2